000 00384nam a2200157Ia 4500
008 221030s9999 xx 000 0 und d
020 _a9380501444
041 _aEnglish
082 _a105.23
100 _aJ. Ganssle
245 0 _aEmbedded Systems : World Class Designs
_cby J. Ganssle
260 _bElsevier Pub
_c2010
300 _a563
650 _aCSE Career Award
942 _cBK
999 _c9497
_d9497